00426nam a2200121 a 450000100100000000500170001000800410002704000250006811101130009324500210020626000570022730000200028400003165820200930063102.0110629s1999 dr 000 0 spa d aDO-SdBNPbspacBNPHU2 aSeminario-Taller Propositivo sobre la Violencia en la República Dominicanad(1999:cSanto Domingon7 abr.)10aRecomendaciones. aSanto Domingo :bCasa Nacional del Diálogo,c1999. a40 p. ;c22 cm.